| 000 | 00622cam a22002051 4500 | ||
|---|---|---|---|
| 001 | agr63000307 | ||
| 003 | DLC | ||
| 005 | 20260227111022.0 | ||
| 008 | 840201s1963 dcu f000 0 eng | ||
| 010 | _aagr63000307 //r892 | ||
| 040 |
_aDLC/ICU _cICU _dDLC |
||
| 050 | 0 | 0 |
_aZ695.1.A4 _bU4 |
| 110 | 2 | 0 | _aNational Agricultural Library (U.S.) |
| 245 | 0 | 0 | _aSubject heading list. |
| 250 | _aPrelim. ed. | ||
| 260 | 0 |
_aWashington _b[For sale by the Superintendent of Documents, U.S. Govt. Print. Off.] _c1963. |
|
| 300 |
_a4 v. (viii, 2434 p.) _c28 cm. |
||
| 500 | _aCover title. | ||
| 650 | 0 |
_aSubject headings _xAgriculture. |
|
| 999 |
_c11890 _d11890 |
||